00221nam a2200073Ia 4500008004100000082000800041100001800049245008000067240331s9999 xx 000 0 und d bPOW aEdirisinha,R  0aPower sharing in Sri lanka constitutional and political documents 1926-2008